zpět

Detail výsledku týmu

Baarovka, České Budějovice

Datum a čas kvízu

21.5 Celkem bodů Celkový počet nahraných bodů na tomto kvízu bez doplňovacích otázek.
8. Pořadí na kvízu Konečné umístění týmu na tomto kvízu.

Zaznamenané odpovědi

# Otázka Odpověď Body Výsledky
1. Ženevský odvolací soud potvrdi... Sabina Slonková, Jiří Kubík 0.5
2. Letadlo ruského ministra zahra... v Brazílii 0
3. V úterý jsme se dozvěděli, že... Blade Runner 0
4. Španělská policie zatkla na ji... s viagrou (lékem na potenci) 1
5. Jeden teprve osmnáctiletý česk... Jakub Menšík, Katar 0.5
6. Součástí televizního programu... Hodina pravdy 0
7. Milovníkům AZ-kvízu či zábavný... pěstební dělnice 0
8. Mezi lety 1996 až 2006 vysílal... Videostop 1
9. V dnešní době je velmi populár... 1B 2A 3C 4D 1
10. Kdo z uvedených nikdy nemodero... D 1